000 00324nam a22001337a 4500
008 170918b xxu||||| |||| 00| 0 eng d
020 _a9780878913824
041 _aeng
080 _a7
100 _a44
101 _aART
245 _aHISTORY OF GREEK ART PAINTING, ARCHITECTURE & SCULPTURE
_cTARBELL,F.B
942 _2udc
_cBK
999 _c27859
_d27859